| 000 | 00960nam a2200241 a 4500 | ||
|---|---|---|---|
| 001 | 68938 | ||
| 003 | BD-RjUL | ||
| 005 | 20211209081830.0 | ||
| 008 | 170408s1989 bg ado|g |||| 001 0 ben d | ||
| 035 | _a(BD-RjUL)69149 | ||
| 040 |
_aBD-RjUL _bben _cBD-RjUL |
||
| 041 | _aben | ||
| 082 | 0 | 4 |
_223 _a530 _bPOD 1989 |
| 245 | 1 | 0 |
_aপদার্থ বিদ্যা / _cঅনুবাদক অজয় রায় ...[এবং অন্যান্য] |
| 260 |
_aঢাকা : _bবাংলা একাডেমী, _c১৯৮৯ |
||
| 300 |
_a খন্ড : _bচিত্র ; _c২২ সেমি. |
||
| 500 | _aনির্ঘন্ট ও পরিভাষা সংযুক্ত । | ||
| 505 | _aখন্ড ২,২য় অংশ | ||
| 650 |
_aপদার্থবিজ্ঞান _9119499 |
||
| 650 |
_aPhysics _9119613 |
||
| 700 | 1 |
_a রায়, অজয় ... [ এবং অন্যান্য ] _9738 |
|
| 942 |
_2ddc _cBK |
||
| 999 |
_c68938 _d68938 |
||